000 00435nam a2200145Ia 4500
008 231129s2017||||xx |||||||||||||| ||spa||
020 _a978-958-56259-0-7
040 _bspa
082 _a353.3 Ch512c
100 _aChavarro Cadena Jorge Enrique
245 0 _aCódigo Nacional de Policí­a y Convivencia
260 _c2017
264 _aBogotá Colombia : Nueva Legislación SAS
942 _2ddc
_cBKS
999 _c2672
_d2672